00535nam a2200157Ia 4500008004100000020001800041082001600059100002000075245009700095260002300192300001100215440001300226650003100239952009000270999001700360120622s9999 xx 000 0 und d a968-39-0796-2 a380.1 W843g aWoessner, Pedro aGuía para la cobranza efectiva : no hay una venta real hasta que se cobra / Pedro Woessner aMéxico : PROMEXA a190 p. aNegocios a1. VENTAS \ 2. COBRANZAÌ 00104070a01b01d2007-01-25l0o380.1 W843Gp01 005177r2012-06-24w2012-06-24yLB c57052d57052